| 000 | 00845nam a22002297a 4500 | ||
|---|---|---|---|
| 999 |
_c2043 _d2043 |
||
| 003 | AR-CdUCM | ||
| 008 | 190228b ||||| |||| 00| 0 spa d | ||
| 040 |
_aMUNICIPALIDAD PROVINCIAL DEL CUSCO _cBIBLIOTECA MUNICIPAL DEL CUSCO |
||
| 082 |
_a985.0013 / _bP84 |
||
| 100 |
_aPrado, Jorge del _97404 |
||
| 245 |
_aEn los años cumbres de Mariátegui / _cPrado, Jorge del |
||
| 260 |
_aLima : _bEds. Unidad, _c1983. |
||
| 300 |
_a271 páginas ; _bIlustraciones, _c21 cm. |
||
| 505 | _aAdvertencia - Marco Histórico - Leguía y la insurgencia del proletariado - Introducción - El germinal "Grupo Revolución" y nuestros primeros pasos... | ||
| 650 |
_aPerú. _935 |
||
| 650 |
_aSocialismo. _91037 |
||
| 650 |
_aPolítica. _9291 |
||
| 650 |
_aIdeología. _91109 |
||
| 650 |
_aComunismo. _9495 |
||
| 942 |
_2ddc _cLIBROS |
||
| 945 |
_admma _d2019-02-28 |
||